Antenna theory (Record no. 179241)
[ view plain ]
| 000 -LEADER | |
|---|---|
| fixed length control field | 01602 a2200241 4500 |
| 003 - CONTROL NUMBER IDENTIFIER | |
| control field | Nust |
| 005 - DATE AND TIME OF LATEST TRANSACTION | |
| control field | 20170207153115.0 |
| 010 ## - LIBRARY OF CONGRESS CONTROL NUMBER | |
| LC control number | 96012134 |
| 020 ## - INTERNATIONAL STANDARD BOOK NUMBER | |
| International Standard Book Number | 0471592684 (cloth : acid-free paper) |
| 040 ## - CATALOGING SOURCE | |
| Transcribing agency | Nust |
| 082 00 - DEWEY DECIMAL CLASSIFICATION NUMBER | |
| Classification number | 621.3824 |
| 100 1# - MAIN ENTRY--PERSONAL NAME | |
| Personal name | Balanis, Constantine A., |
| 245 10 - TITLE STATEMENT | |
| Title | Antenna theory |
| Statement of responsibility, etc. | Blake,Lamont V |
| Remainder of title | analysis and design |
| 250 ## - EDITION STATEMENT | |
| Edition statement | 2nd ed. |
| 260 ## - PUBLICATION, DISTRIBUTION, ETC. | |
| Place of publication, distribution, etc. | New York : |
| Name of publisher, distributor, etc. | Wiley, |
| Date of publication, distribution, etc. | c1997. |
| 300 ## - PHYSICAL DESCRIPTION | |
| Extent | xvi, 414 p. : |
| Other physical details | ill. ; |
| Dimensions | 26 cm. + |
| Accompanying material | 1 computer disk (3 1/2 in.) |
| 505 ## - FORMATTED CONTENTS NOTE | |
| Formatted contents note | Antennas (Page-1) Fundamental Parameters of Antennas (Page-17) Radiation Integrals and Auxiliary Potential Functions (Page-82) Linear Wire Antennas (Page-100) Loop Antennas (Page-164) Arrays Linear Planer and Circular (Page-204) Self and Mutual Impedance of Linear Elements and Arrayed and Finite Diameter Effects (Page-283) Broband Dipoles and Matching Techniques (Page-322) Travelling Wave and Broband Antennas (Page-372) Frequency Independent Antennas (Page-413) Aperture Antennas and Ground Plane Edge Effects (Page-446) Horns (Page-532) Reflectors and Lens Antennas (Page-593) Antennas Synthesis and Continus Sources (Page-593) Antenna Syntsis and Continues Sources (Page-658) Antennas Measurements (Page-703) |
| 538 ## - SYSTEM DETAILS NOTE | |
| System details note | Almirah No.38 Shelf No.3 |
| 650 #0 - SUBJECT ADDED ENTRY--TOPICAL TERM | |
| Topical term or geographic name entry element | Telecommunication engineering |
| 856 42 - ELECTRONIC LOCATION AND ACCESS | |
| Materials specified | Contributor biographical information |
| Uniform Resource Identifier | <a href="http://www.loc.gov/catdir/enhancements/fy0607/96012134-b.html">http://www.loc.gov/catdir/enhancements/fy0607/96012134-b.html</a> |
| 856 42 - ELECTRONIC LOCATION AND ACCESS | |
| Materials specified | Publisher description |
| Uniform Resource Identifier | <a href="http://www.loc.gov/catdir/description/wiley037/96012134.html">http://www.loc.gov/catdir/description/wiley037/96012134.html</a> |
| 856 42 - ELECTRONIC LOCATION AND ACCESS | |
| Materials specified | Table of Contents only |
| Uniform Resource Identifier | <a href="http://www.loc.gov/catdir/toc/onix03/96012134.html">http://www.loc.gov/catdir/toc/onix03/96012134.html</a> |
| 942 ## - ADDED ENTRY ELEMENTS (KOHA) | |
| Source of classification or shelving scheme | |
| Koha item type | Book |
| Withdrawn status | Lost status | Source of classification or shelving scheme | Damaged status | Not for loan | Collection code | Permanent Location | Current Location | Date acquired | Total Checkouts | Full call number | Barcode | Date last seen | Price effective from | Koha item type |
|---|---|---|---|---|---|---|---|---|---|---|---|---|---|---|
| Military College of Signals (MCS) | Military College of Signals (MCS) | 12/12/2016 | 621.3824 BLA | MCS28789 | 12/08/2016 | 12/12/2016 | Book |
